000
00255nam a22001217a 4500
041
_a
ENG
100
_a
Gulvin .H
245
_a
Farm Engines And Tractors
260
_a
New Work
_b
Mcgraw -Hill
_c
1953
300
_a
397
650
_a
FMP
856
_u
FMP ( 4 )
999
_c
1403
_d
1403